[Event "Fyli 1st"]
[Site "Fyli"]
[Date "2011.07.19"]
[Round "6"]
[White "Fessas, Prokopios"]
[Black "Fourtounis, Georgios"]
[Result "1/2-1/2"]
[WhiteElo "1948"]
[BlackElo "1889"]
[PlyCount "28"]
[EventDate "2011.07.12"]
[EventType "tourn"]
[EventRounds "7"]
[EventCountry "GRE"]
[SourceTitle "EXT 2013"]
[Source "ChessBase"]
[SourceDate "2012.11.22"]
[SourceVersion "1"]
[SourceVersionDate "2012.11.22"]
[SourceQuality "1"]

1. d4 d5 2. c4 c6 3. cxd5 cxd5 4. Nf3 Nf6 5. Nc3 Nc6 6. Bf4 Bf5 7. e3 e6 8. Qb3 Bb4 9. Bb5 0-0 10. 0-0 Bxc3 11. Bxc6 Bxb2 12. Bxb7 Bxa1 13. Rxa1 Rc8 14. Bxc8 Qxc8 1/2-1/2

[Event "Fyli 1st"]
[Site "Fyli"]
[Date "2011.07.18"]
[Round "5"]
[White "Flouris, Periklis"]
[Black "Fourtounis, Georgios"]
[Result "0-1"]
[WhiteElo "1855"]
[BlackElo "1889"]
[PlyCount "54"]
[EventDate "2011.07.12"]
[EventType "tourn"]
[EventRounds "7"]
[EventCountry "GRE"]
[SourceTitle "EXT 2013"]
[Source "ChessBase"]
[SourceDate "2012.11.22"]
[SourceVersion "1"]
[SourceVersionDate "2012.11.22"]
[SourceQuality "1"]

1. e4 e5 2. d4 exd4 3. Qxd4 Nc6 4. Qe3 Nf6 5. Nc3 Bb4 6. Bd2 0-0 7. 0-0-0 Re8 8. Qg3 Rxe4 9. a3 Bxc3 10. Bxc3 d5 11. Bd3 Rg4 12. Qf3 d4 13. Bd2 Ne5 14. Qe2 Nxd3+ 15. Qxd3 Qd5 16. Nf3 Bf5 17. Qb3 Qxb3 18. cxb3 c5 19. Ne5 Rxg2 20. f3 Nd5 21. h4 f6 22. Rhe1 Re8 23. Nc4 Re6 24. Rxe6 Bxe6 25. Re1 Bf7 26. Re4 Bg6 27. Re6 Kf7 0-1

[Event "Fyli op 2nd"]
[Site "Fyli"]
[Date "2011.06.03"]
[Round "7"]
[White "Dasaklis, Hristos"]
[Black "Fourtounis, Georgios"]
[Result "1/2-1/2"]
[WhiteElo "1482"]
[BlackElo "1893"]
[PlyCount "127"]
[EventDate "2011.04.15"]
[EventType "swiss"]
[EventRounds "7"]
[EventCountry "GRE"]
[SourceTitle "EXT 2013"]
[Source "ChessBase"]
[SourceDate "2012.11.22"]
[SourceVersion "1"]
[SourceVersionDate "2012.11.22"]
[SourceQuality "1"]

1. e4 e5 2. Nf3 Nc6 3. d4 exd4 4. Nxd4 Nf6 5. Nxc6 bxc6 6. e5 Qe7 7. Qe2 Nd5 8. c4 Nb6 9. Nc3 Qe6 10. g3 Bb7 11. b3 0-0-0 12. Bb2 Re8 13. f4 f6 14. 0-0-0 fxe5 15. fxe5 Qxe5 16. Qd2 Bc5 17. Nd5 Qe6 18. Nxb6+ axb6 19. Qc2 Rhf8 20. Bd3 Rf2 21. Qc3 Be3+ 22. Kb1 c5 23. Rhe1 Bf3 24. Rc1 Qg8 25. Qxg7 Bxc1 26. Qxg8 Rxg8 27. Bxc1 Rxh2 28. Re7 Rxg3 29. Rxh7 Rxh7 30. Bxh7 Rg2 31. Bc2 Re2 32. Bg6 Be4+ 33. Bxe4 Rxe4 34. Kc2 Re2+ 35. Bd2 Kd8 36. Kd3 Rg2 37. a4 Rxd2+ 38. Kxd2 Ke7 39. Kc3 Ke6 40. b4 cxb4+ 41. Kxb4 Kd6 42. Kb5 Ke7 43. Ka6 d6 44. Kb5 Kd7 45. a5 bxa5 46. Kxa5 Kc6 47. Kb4 d5 48. Kc3 d4+ 49. Kxd4 Kd6 50. c5+ Ke6 51. Ke4 c6 52. Kd4 Kf5 53. Kd3 Kf4 54. Kd4 Kf5 55. Kd3 Ke5 56. Ke3 Kd5 57. Kd3 Kxc5 58. Kc3 Kd5 59. Kd3 c5 60. Kc3 c4 61. Kc2 Kd4 62. Kd2 c3+ 63. Kc2 Kc4 64. Kc1 1/2-1/2